The Myth of voter fraud (Record no. 18181)

MARC details
000 -LEADER
fixed length control field 00628nam a22001937a 4500
008 - FIXED-LENGTH DATA ELEMENTS--GENERAL INFORMATION
fixed length control field 200127b xxu||||| |||| 00| 0 eng d
020 ## - INTERNATIONAL STANDARD BOOK NUMBER
International Standard Book Number 0801448485
040 ## - CATALOGING SOURCE
Original cataloging agency KABU
Transcribing agency KABU
050 ## - LIBRARY OF CONGRESS CALL NUMBER
Classification number JK1994
Item number .M56 2010 c. 1
100 ## - MAIN ENTRY--PERSONAL NAME
Personal name Minnite, Lorraine C.
245 ## - TITLE STATEMENT
Title The Myth of voter fraud
Statement of responsibility, etc. Lorraine C. Minnite
260 ## - PUBLICATION, DISTRIBUTION, ETC. (IMPRINT)
Place of publication, distribution, etc. London
Name of publisher, distributor, etc. Cornell University Press
Date of publication, distribution, etc. 2010
300 ## - PHYSICAL DESCRIPTION
Extent viii, 298 p.
650 ## - SUBJECT ADDED ENTRY--TOPICAL TERM
Topical term or geographic name as entry element Elections
General subdivision Corrupt practices
Geographic subdivision United States
650 ## - SUBJECT ADDED ENTRY--TOPICAL TERM
Topical term or geographic name as entry element Political corruption
Geographic subdivision United States
650 ## - SUBJECT ADDED ENTRY--TOPICAL TERM
Topical term or geographic name as entry element Voting
Geographic subdivision United States
650 ## - SUBJECT ADDED ENTRY--TOPICAL TERM
Topical term or geographic name as entry element United States
General subdivision Politics and government
942 ## - ADDED ENTRY ELEMENTS (KOHA)
Source of classification or shelving scheme Library of Congress Classification
Koha item type General Collection
Classification part JK1994
Holdings
Withdrawn status Lost status Source of classification or shelving scheme Not for loan Home library Current library Date acquired Cost, normal purchase price Total Checkouts Full call number Barcode Date last seen Copy number Price effective from Koha item type
    Library of Congress Classification   Kabarak, Main Campus Kabarak, Main Campus 27/01/2020 3113.00   JK1994 .M56 2010 c. 1 028154 27/01/2020 c. 1 27/01/2020 General Collection
    Library of Congress Classification   Kabarak, Main Campus Kabarak, Main Campus 27/01/2020 3113.00   JK1994 .M56 2010 c. 2 028157 27/01/2020 c. 2 27/01/2020 General Collection
Designed with assistance from East African Informatics Ltd